[Event "DVM U14 2012"]
[Site "Magdeburg GER"]
[Date "2012.12.29"]
[Round "6"]
[White "Beeck, Mats"]
[Black "Heinemann, Josefine"]
[Result "0-1"]
[Termination "normal"]
[Board "7.1"]
[WhiteElo "1794"]
[BlackElo "1902"]
[WhiteTeam "SK Doppelbauer Kiel"]
[BlackTeam "USC Magdeburg"]
[WhiteFideId "12936944"]
[BlackFideId "12900460"]
[EventCountry "GER"]
[EventRounds "7"]
[EventType "team-swiss"]
[EventDate "2012.12.26"]

1. e4 c5 2. Nf3 d6 3. Bb5+ Nd7 4. O-O Ngf6 5. Re1 g6 6. c3 a6 7. Bf1 Bg7 8. d4
O-O 9. a4 Qc7 10. Na3 e6 11. h3 b6 12. Nc4 d5 13. exd5 Nxd5 14. Nce5 Nxe5 15.
dxe5 Bb7 16. Bg5 Ne7 17. Qe2 Nd5 18. Rad1 Rfe8 19. Nd2 Bc6 20. Ra1 b5 21. axb5
axb5 22. Rxa8 Rxa8 23. c4 Nb6 24. Qe3 bxc4 25. Nxc4 Nxc4 26. Bxc4 Bb7 27. Bf6
Bf8 28. Rd1 Qc6 29. f3 Ba6 30. b3 Bxc4 31. bxc4 Qb6 32. Qe4 Rb8 33. h4 h5 34.
g4 hxg4 35. Qxg4 Qb3 36. f4 Qe3+ 37. Kh1 Rb2 38. Rg1 Qe4+ 39. Rg2 Rxg2 40. Qxg2
Qxc4 41. Qf3 Qd5 42. Kg2 c4 43. Kg3 Bb4 44. Qe2 Qd3+ 45. Qxd3 cxd3 46. Kf2 Bc5+
47. Ke1 Be3 48. Bg5 Kf8 49. f5 Bxg5 50. hxg5 gxf5 0-1

[Event "DVM U14 2012"]
[Site "Magdeburg GER"]
[Date "2012.12.29"]
[Round "6"]
[White "Geue, Niklas"]
[Black "Wanner, Lukas"]
[Result "0-1"]
[Termination "normal"]
[Board "7.2"]
[WhiteElo "1531"]
[BlackElo "1751"]
[WhiteTeam "USC Magdeburg"]
[BlackTeam "SK Doppelbauer Kiel"]
[WhiteFideId "12961043"]
[BlackFideId "12918148"]
[EventCountry "GER"]
[EventRounds "7"]
[EventType "team-swiss"]
[EventDate "2012.12.26"]

1. e4 c5 2. Nf3 d6 3. d4 cxd4 4. Nxd4 Nf6 5. Nc3 g6 6. Be3 Bg7 7. f3 O-O 8. Qd2
Nc6 9. O-O-O d5 10. Qe1 e5 11. Nxc6 bxc6 12. Bc5 Re8 13. g4 d4 14. Ne2 Be6 15.
Kb1 Nd7 16. Ba3 Rb8 17. Ka1 Qb6 18. Rb1 Bf8 19. Bxf8 Kxf8 20. Nc1 c5 21. h4 c4
22. g5 Nc5 23. h5 Ke7 24. Qg3 Qb5 25. Bg2 d3 26. cxd3 cxd3 27. Qf2 Bxa2 28. b4
Bxb1 29. bxc5 Bc2 30. Nxd3 0-1

[Event "DVM U14 2012"]
[Site "Magdeburg GER"]
[Date "2012.12.29"]
[Round "6"]
[White "Wiemann, Niklas"]
[Black "Fahsel, Nico"]
[Result "0-1"]
[Termination "normal"]
[Board "7.3"]
[WhiteElo "1452"]
[BlackElo "1499"]
[WhiteTeam "SK Doppelbauer Kiel"]
[BlackTeam "USC Magdeburg"]
[BlackFideId "1270256"]
[EventCountry "GER"]
[EventRounds "7"]
[EventType "team-swiss"]
[EventDate "2012.12.26"]

1. d4 d5 2. Nf3 Nf6 3. c4 c6 4. cxd5 cxd5 5. Nc3 e6 6. Bg5 Be7 7. e3 a6 8. Bd3
O-O 9. O-O Nbd7 10. Rc1 h6 11. Bh4 b5 12. Bg3 Bb7 13. a3 Rc8 14. b4 Ne4 15.
Bxe4 dxe4 16. Nd2 f5 17. Ne2 g5 18. f3 Nf6 19. Be5 exf3 20. Nxf3 g4 21. Ne1
Rxc1 22. Qxc1 Bd6 23. Bf4 Kh7 24. Nd3 Ne4 25. Nc5 Bxc5 26. bxc5 Qd5 27. Be5 Ng3
28. Rf2 Nxe2+ 29. Rxe2 Qe4 30. Qe1 Qd3 31. Kf1 Bf3 32. gxf3 gxf3 33. c6 Rg8 34.
Bg3 Qxe2+ 35. Qxe2 fxe2+ 36. Kxe2 Kg6 37. Kd3 Kf7 38. Kc3 a5 39. d5 exd5 40.
Kd4 Ke6 41. Kc5 b4 42. axb4 axb4 43. Kxb4 Rg4+ 44. Kc5 Rc4+ 45. Kb6 Ke7 46. Kb7
h5 47. c7 Kd7 48. Kb6 Rc3 49. Bf4 Rc4 50. Be5 Re4 51. Kb7 Rb4+ 52. Ka6 Kc8 53.
Bg3 Rb7 54. Ka5 Rxc7 55. Kb5 Rc4 56. Bf4 Kd7 57. Bg3 Ke6 58. Bf4 h4 59. Bb8 Kf7
60. Be5 Kg6 61. Bd6 Kh5 62. h3 Kg5 63. Be5 Re4 64. Bd4 Rxd4 0-1

[Event "DVM U14 2012"]
[Site "Magdeburg GER"]
[Date "2012.12.29"]
[Round "6"]
[White "Hoang, Viet Long"]
[Black "Karlisch, Moritz"]
[Result "1/2-1/2"]
[Termination "normal"]
[Board "7.4"]
[WhiteElo "1438"]
[BlackElo "1294"]
[WhiteTeam "USC Magdeburg"]
[BlackTeam "SK Doppelbauer Kiel"]
[WhiteFideId "12964824"]
[BlackFideId "12964859"]
[EventCountry "GER"]
[EventRounds "7"]
[EventType "team-swiss"]
[EventDate "2012.12.26"]

1. e4 e6 2. d4 d5 3. exd5 exd5 4. Nf3 Nf6 5. c4 dxc4 6. Bxc4 Bb4+ 7. Nc3 O-O 8.
O-O Bg4 9. Be2 c6 10. Bg5 Nbd7 11. Re1 Re8 12. Qb3 Qb6 13. Rad1 Be6 14. Bc4
Bxc4 15. Qxc4 h6 16. Bxf6 Nxf6 17. Ne5 Rf8 18. Re2 Rad8 19. Ne4 Nd5 20. Qc1
Rfe8 21. a3 Bf8 22. Ng3 Nc7 23. Qf4 f6 24. Ng6 Nd5 25. Qf3 Qc7 26. Ree1 Rxe1+
27. Rxe1 Qb6 28. Qf5 Nc7 29. Nf4 Qxd4 30. Ne6 Nxe6 31. Qxe6+ Kh8 32. Qb3 b6 33.
h3 Qd7 34. Qf3 Bd6 35. Nf5 Be5 36. b3 Qd3 37. Qg4 Qd7 38. Qf3 c5 39. Ne3 Qf7
40. Nc4 Bd4 41. Qe4 Kg8 42. Kf1 f5 43. Qe2 Kf8 44. Qf3 g6 45. Qc6 Re8 46. Rxe8+
Qxe8 47. Qd6+ Kf7 48. Qc7+ Qe7 49. Nd6+ Ke6 50. Qxe7+ Kxe7 51. Nc8+ Ke6 52.
Nxa7 Kd5 53. Nb5 c4 54. bxc4+ Kxc4 55. Nd6+ Kb3 56. Ke2 Bc5 57. Nb5 Bxa3 58.
Kd3 Kb4 59. Nc3 Kc5 60. f3 b5 61. Kc2 Kc4 62. Nb1 b4 63. Nd2+ Kd4 64. Kb3 Kd3
65. Nc4 Ke2 66. Ne5 Kf2 67. Nxg6 Kxg2 68. Nh4+ Kxh3 69. Nxf5 h5 70. Ng7 h4 71.
Nf5 Kg2 72. Nxh4+ Kg3 73. Nf5+ Kxf3 1/2-1/2

[Event "DVM U14 2012"]
[Site "Magdeburg GER"]
[Date "2012.12.29"]
[Round "6"]
[White "Berezhnoy, Alex"]
[Black "Bykov, Ilya"]
[Result "1/2-1/2"]
[Termination "normal"]
[Board "8.1"]
[WhiteElo "1598"]
[BlackElo "1683"]
[WhiteTeam "VSF 1975 Düsseldorf-Süd"]
[BlackTeam "Karlsruher SF 1853"]
[WhiteFideId "12918997"]
[BlackFideId "12918059"]
[EventCountry "GER"]
[EventRounds "7"]
[EventType "team-swiss"]
[EventDate "2012.12.26"]

1. e4 c5 2. Nf3 d6 3. d4 cxd4 4. Nxd4 g6 5. Nc3 Bg7 6. Be3 Nf6 7. f3 O-O 8. Qd2
Nc6 9. O-O-O d5 10. Qe1 a6 11. Kb1 Qd6 12. g3 Rb8 13. Bg2 e5 14. Nxc6 bxc6 15.
Ne2 Be6 16. h4 d4 17. Bc1 Qa3 18. b3 Qc5 19. Bh3 Bc4 20. Bb2 Rb7 21. Bf1 Rfb8
22. Nc1 Bb5 23. Bxb5 axb5 24. Nd3 Qd6 25. c3 Nd7 26. cxd4 exd4 27. f4 c5 28. e5
Qa6 29. a3 Bf8 30. h5 c4 31. Nb4 Bxb4 32. Qxb4 c3 33. Bc1 Qc6 34. Rh2 Nxe5 35.
fxe5 Qe4+ 36. Rc2 Rd7 37. hxg6 hxg6 38. Bf4 Rbd8 39. Bg5 Qg4 40. Rd3 Qxg5 41.
Qxb5 Rd5 42. Qc4 Qxe5 43. b4 Kg7 44. a4 Rb8 45. Rcxc3 1/2-1/2

[Event "DVM U14 2012"]
[Site "Magdeburg GER"]
[Date "2012.12.29"]
[Round "6"]
[White "Wiesner, Alexander"]
[Black "Surguchov, Alexander"]
[Result "1-0"]
[Termination "normal"]
[Board "8.2"]
[WhiteElo "1638"]
[BlackElo "1724"]
[WhiteTeam "Karlsruher SF 1853"]
[BlackTeam "VSF 1975 Düsseldorf-Süd"]
[WhiteFideId "12943991"]
[BlackFideId "1272035"]
[EventCountry "GER"]
[EventRounds "7"]
[EventType "team-swiss"]
[EventDate "2012.12.26"]

1. e4 e6 2. d4 d5 3. Nc3 Bb4 4. e5 c5 5. a3 Bxc3+ 6. bxc3 Qc7 7. Bd2 Ne7 8. Bd3
c4 9. Bf1 Bd7 10. Qg4 Ng6 11. h4 h5 12. Qf3 Ba4 13. Qd1 Nd7 14. Be2 Ne7 15.
Bxh5 g6 16. Be2 O-O-O 17. Bg5 Nf8 18. Bf6 Rg8 19. Bg5 Nh7 20. Nf3 Nxg5 21. Nxg5
Nf5 22. Bg4 Qe7 23. Bxf5 gxf5 24. f4 f6 25. exf6 Qxf6 26. Kd2 Rh8 27. g3 Rdg8
28. Qe2 Bd7 29. Rhb1 Rg6 30. Rb4 Bc6 31. Re1 Kd7 32. Rbb1 Rf8 33. Nh7 Qg7 34.
Nxf8+ Qxf8 35. Rbd1 Qg8 36. Qf2 Rxg3 37. Rg1 Rxg1 38. Qxg1 Qxg1 39. Rxg1 Ke7
40. h5 Be8 41. h6 1-0

[Event "DVM U14 2012"]
[Site "Magdeburg GER"]
[Date "2012.12.29"]
[Round "6"]
[White "Schmitz, Fabian"]
[Black "Ospina Ocampo, Antonio"]
[Result "1-0"]
[Termination "normal"]
[Board "8.3"]
[WhiteElo "1420"]
[BlackElo "1331"]
[WhiteTeam "VSF 1975 Düsseldorf-Süd"]
[BlackTeam "Karlsruher SF 1853"]
[WhiteFideId "12965006"]
[BlackFideId "12946362"]
[EventCountry "GER"]
[EventRounds "7"]
[EventType "team-swiss"]
[EventDate "2012.12.26"]

1. e4 e5 2. Nf3 Nc6 3. Bb5 a6 4. Ba4 Nf6 5. d3 d6 6. c3 b5 7. Bb3 Be7 8. O-O
O-O 9. Nbd2 Na5 10. Bc2 c5 11. Re1 Bg4 12. Nf1 Qc7 13. h3 Bh5 14. Ng3 Bg6 15.
Nh4 Rac8 16. f4 exf4 17. Bxf4 Nd7 18. Ngf5 Bxh4 19. Nxh4 Ne5 20. Rc1 Nac6 21.
b3 h6 22. d4 cxd4 23. cxd4 Nd7 24. a3 Bh7 25. Nf3 Rce8 26. Bb1 Qb6 27. Bxd6 Ne7
28. Bg3 f6 29. Kh1 Ng6 30. Rc7 Rf7 31. Qc2 Nb8 32. Rxf7 Kxf7 33. Qc7+ Qxc7 34.
Bxc7 Nc6 35. b4 Kf8 36. e5 fxe5 37. Bd6+ Kg8 38. Ba2+ Kh8 39. Nxe5 Ncxe5 40.
dxe5 Bg8 41. Bb1 Nf4 42. Rc1 Bd5 43. Rc2 Kg8 44. Kh2 Kf7 45. g3 Ne6 46. Rf2+
Kg8 47. Bg6 Rc8 48. Rd2 Bc4 49. Bf5 Kf7 50. Rf2 Bd5 51. Be4+ Ke8 52. Bxd5 Nd4
53. Rf8+ Kd7 54. Rxc8 Kxc8 55. e6 Kd8 56. e7+ Ke8 57. Bc5 Nf5 58. Bc6+ 1-0

[Event "DVM U14 2012"]
[Site "Magdeburg GER"]
[Date "2012.12.29"]
[Round "6"]
[White "Sirbu, Nikita"]
[Black "Gula, Julian"]
[Result "0-1"]
[Termination "normal"]
[Board "8.4"]
[WhiteElo "1045"]
[BlackElo "1372"]
[WhiteTeam "Karlsruher SF 1853"]
[BlackTeam "VSF 1975 Düsseldorf-Süd"]
[WhiteFideId "12946370"]
[BlackFideId "12954799"]
[EventCountry "GER"]
[EventRounds "7"]
[EventType "team-swiss"]
[EventDate "2012.12.26"]

1. d4 Nf6 2. Nf3 g6 3. c4 Bg7 4. Bg5 O-O 5. e3 d6 6. Nc3 Nbd7 7. Bd3 e5 8. Bxf6
Bxf6 9. Nd5 Bg7 10. O-O c6 11. Nc3 f5 12. Be2 e4 13. Nd2 Nf6 14. Nb3 h5 15. h3
h4 16. d5 c5 17. Re1 a6 18. f3 exf3 19. Bxf3 g5 20. Qd3 g4 21. hxg4 fxg4 22.
Bd1 Qe8 23. e4 h3 24. g3 Bf5 25. Bc2 Bd7 26. Re2 Qe5 27. Rae1 Nh5 28. Re3 Bh6
29. Ne2 Bxe3+ 30. Qxe3 Rf3 31. Qh6 Rxg3+ 32. Kh1 Rg2 33. Qg6+ Ng7 34. Qf7+ Kxf7
35. Rf1+ Kg8 36. Rf8+ Rxf8 37. Ng3 Qxg3 0-1

[Event "DVM U14 2012"]
[Site "Magdeburg GER"]
[Date "2012.12.29"]
[Round "6"]
[White "Wulfhorst, Noah"]
[Black "Oberhofer, Cédric"]
[Result "1/2-1/2"]
[Termination "normal"]
[Board "9.1"]
[WhiteElo "1619"]
[BlackElo "1849"]
[WhiteTeam "Gütersloher SV"]
[BlackTeam "SC Bavaria Regensburg 1881"]
[WhiteFideId "12964956"]
[BlackFideId "12941220"]
[EventCountry "GER"]
[EventRounds "7"]
[EventType "team-swiss"]
[EventDate "2012.12.26"]

1. e4 c5 2. Nf3 d6 3. d4 cxd4 4. Nxd4 Nf6 5. Nc3 a6 6. Be2 e6 7. Bg5 Be7 8. O-O
O-O 9. Kh1 Qc7 10. f4 h6 11. Bxf6 Bxf6 12. Bf3 Nc6 13. Nce2 Bd7 14. c3 Rac8 15.
Rc1 Rfd8 16. Nc2 b5 17. Ned4 Na5 18. Be2 Nc4 19. Bxc4 bxc4 20. Ne3 Qb7 21. Qc2
Rc5 22. Rce1 Rb8 23. Nd1 Qc7 24. g3 Ra5 25. a3 Ba4 26. Qd2 Bxd1 27. Rxd1 Qb6
28. Rf2 Rc5 29. Rc1 Qb7 30. Re2 Qb6 31. Rc2 a5 32. Kg2 Kf8 33. h4 Bxd4 34. Qxd4
Rc6 35. Qxb6 Rcxb6 36. Kf3 Ke7 37. Ke3 e5 38. Rcd2 a4 39. Rg2 Ke6 40. f5+ Ke7
41. g4 Kd7 42. Kf3 Kc6 43. Rge2 Rb5 44. Ke3 R8b7 45. Kf3 1/2-1/2

[Event "DVM U14 2012"]
[Site "Magdeburg GER"]
[Date "2012.12.29"]
[Round "6"]
[White "Dechant, Georg"]
[Black "Kandler, Pascal"]
[Result "1-0"]
[Termination "normal"]
[Board "9.2"]
[WhiteElo "1704"]
[BlackElo "1549"]
[WhiteTeam "SC Bavaria Regensburg 1881"]
[BlackTeam "Gütersloher SV"]
[WhiteFideId "12956716"]
[BlackFideId "12964964"]
[EventCountry "GER"]
[EventRounds "7"]
[EventType "team-swiss"]
[EventDate "2012.12.26"]

1. e4 c5 2. Nf3 Nc6 3. d4 cxd4 4. Nxd4 e5 5. Nb5 d6 6. N5c3 a6 7. Na3 b5 8. Nd5
Nce7 9. c4 Nxd5 10. cxd5 f5 11. Bd3 fxe4 12. Bxe4 Nf6 13. Bf3 Be7 14. Nc2 O-O
15. O-O Bb7 16. Re1 Nd7 17. Nb4 Bg5 18. Nc6 Qf6 19. Bxg5 Qxg5 20. Rc1 Rac8 21.
Bg4 Rc7 22. Ne7+ Qxe7 23. Rxc7 Bc8 24. Be6+ Kh8 25. Qc2 1-0

[Event "DVM U14 2012"]
[Site "Magdeburg GER"]
[Date "2012.12.29"]
[Round "6"]
[White "Andes, Otto"]
[Black "Oberhofer, Marie"]
[Result "0-1"]
[Termination "normal"]
[Board "9.3"]
[WhiteElo "1364"]
[BlackElo "1426"]
[WhiteTeam "Gütersloher SV"]
[BlackTeam "SC Bavaria Regensburg 1881"]
[WhiteFideId "12964980"]
[BlackFideId "12938165"]
[EventCountry "GER"]
[EventRounds "7"]
[EventType "team-swiss"]
[EventDate "2012.12.26"]

1. e4 c5 2. Nf3 d6 3. d4 cxd4 4. Nxd4 Nf6 5. Nc3 g6 6. Nb3 Bg7 7. Bb5+ Bd7 8.
Bxd7+ Qxd7 9. O-O O-O 10. Qe2 Nc6 11. Re1 Rac8 12. Nd5 Rfe8 13. Bg5 Nxd5 14.
exd5 Nb4 15. c3 Nxd5 16. Rad1 Nf6 17. Qe3 a6 18. Bxf6 Bxf6 19. Nc5 Qc6 20. Ne4
Bg7 21. Qf4 Rcd8 22. Ng5 Bf6 23. Qh4 Bxg5 24. Qxg5 Qc7 25. Qh6 Qa5 26. Rd3 Qh5
27. Qxh5 gxh5 28. Rh3 Rc8 29. Re4 Rc5 30. Reh4 Re5 31. Kf1 Kg7 32. Rxh5 Rxh5
33. Rxh5 Kg6 34. Rh4 Rc8 35. Rg4+ Kf6 36. Ke2 Rc5 37. Kd3 b5 38. c4 bxc4+ 39.
Rxc4 Rxc4 40. Kxc4 Ke5 41. a4 d5+ 42. Kd3 Kd6 43. b4 Kc6 44. Kd4 e6 45. f4 f6
46. g4 Kd6 47. h4 e5+ 48. Ke3 Ke6 49. h5 h6 50. b5 axb5 51. axb5 Kd6 52. b6 Kc6
53. b7 Kxb7 54. g5 exf4+ 55. Kxf4 fxg5+ 56. Ke5 Kc6 57. Kf5 d4 58. Kg6 d3 59.
Kxh6 d2 60. Kxg5 d1=Q 61. h6 Qd4 62. Kg6 Qh8 63. h7 Kd6 64. Kh6 Ke5 65. Kg6 Ke6
66. Kh6 Kf6 67. Kh5 Qxh7+ 68. Kg4 Qf5+ 69. Kh4 Qg6 70. Kh3 Qg5 71. Kh2 Qg4 72.
Kh1 Kf5 73. Kh2 Kf4 74. Kh1 Kf3 75. Kh2 Qg2# 0-1

[Event "DVM U14 2012"]
[Site "Magdeburg GER"]
[Date "2012.12.29"]
[Round "6"]
[White "Brüll, Elias"]
[Black "Haase, Kai"]
[Result "1/2-1/2"]
[Termination "normal"]
[Board "9.4"]
[WhiteElo "1316"]
[BlackElo "1402"]
[WhiteTeam "SC Bavaria Regensburg 1881"]
[BlackTeam "Gütersloher SV"]
[WhiteFideId "12964921"]
[BlackFideId "12964999"]
[EventCountry "GER"]
[EventRounds "7"]
[EventType "team-swiss"]
[EventDate "2012.12.26"]

1. e4 e5 2. Nf3 Nc6 3. Bb5 d6 4. O-O Bd7 5. c3 Nf6 6. Re1 Be7 7. d4 O-O 8. Bg5
Re8 9. Qd3 exd4 10. cxd4 Nxe4 11. Bxe7 Qxe7 12. Nfd2 Bf5 13. Bxc6 bxc6 14. Nxe4
Bxe4 15. Qe3 Qe6 16. Nc3 Bd5 17. Nxd5 cxd5 18. Qc3 Qd7 19. Re3 Re6 20. Rae1
Rae8 21. Rxe6 Rxe6 22. Rxe6 fxe6 23. Qb4 c6 24. Qb8+ Kf7 25. Qb3 e5 26. Qd3 g6
27. g3 Qf5 28. Qxf5+ gxf5 29. dxe5 dxe5 30. Kf1 Kg6 31. Ke2 Kg5 32. Kf3 h5 33.
h4+ Kf6 34. Ke3 Ke6 35. Kd3 Kd6 36. Kc3 Kc5 37. b4+ Kb5 38. Kb3 a5 39. a3 axb4
40. axb4 d4 41. f3 c5 42. bxc5 Kxc5 43. g4 fxg4 44. fxg4 hxg4 45. h5 g3 46. h6
g2 47. h7 g1=Q 48. h8=Q Qe3+ 49. Kc2 Qc3+ 50. Kd1 d3 51. Qc8+ Kb4 52. Qb7+ Ka3
53. Qa8+ Kb2 54. Qa1+ Kb3 55. Qa3+ Kxa3 1/2-1/2

[Event "DVM U14 2012"]
[Site "Magdeburg GER"]
[Date "2012.12.29"]
[Round "6"]
[White "Nicolai, Tim"]
[Black "Maurer, Noah"]
[Result "1/2-1/2"]
[Termination "normal"]
[Board "10.1"]
[WhiteElo "1647"]
[BlackElo "1649"]
[WhiteTeam "SV Empor Erfurt"]
[BlackTeam "SG Königskinder Hohentübingen"]
[WhiteFideId "12964930"]
[BlackFideId "12920673"]
[EventCountry "GER"]
[EventRounds "7"]
[EventType "team-swiss"]
[EventDate "2012.12.26"]

1. e4 e6 2. d4 d5 3. Nc3 Bb4 4. e5 c5 5. a3 Bxc3+ 6. bxc3 Qc7 7. Bd2 Ne7 8. Nf3
Nbc6 9. Bd3 Nf5 10. Bxf5 exf5 11. O-O O-O 12. Bf4 Ne7 13. Qd2 Qa5 14. Bg5 Re8
15. Rfe1 Bd7 16. h4 Rac8 17. Ra2 Ba4 18. Rc1 cxd4 19. cxd4 Qxd2 20. Bxd2 Rc4
21. Rb2 b6 22. Rb4 Rec8 23. c3 b5 24. Bg5 Kf8 25. Rxc4 bxc4 26. Rb1 Bb3 27. Nd2
Rb8 28. Bxe7+ Kxe7 29. Kf1 a5 1/2-1/2

[Event "DVM U14 2012"]
[Site "Magdeburg GER"]
[Date "2012.12.29"]
[Round "6"]
[White "Shankar, Ajay"]
[Black "Allin, Alexander"]
[Result "1-0"]
[Termination "normal"]
[Board "10.2"]
[WhiteElo "1562"]
[BlackElo "1448"]
[WhiteTeam "SG Königskinder Hohentübingen"]
[BlackTeam "SV Empor Erfurt"]
[WhiteFideId "12938394"]
[BlackFideId "12903698"]
[EventCountry "GER"]
[EventRounds "7"]
[EventType "team-swiss"]
[EventDate "2012.12.26"]

1. d4 d5 2. c4 e6 3. cxd5 exd5 4. Nc3 Nf6 5. Bg5 Nbd7 6. Nf3 Be7 7. e3 O-O 8.
Bd3 Re8 9. O-O c6 10. a3 Nf8 11. h3 Ng6 12. Qc2 Nh5 13. Bxg6 hxg6 14. Bxe7 Qxe7
15. Rac1 Nf6 16. Qb3 Rb8 17. Ne5 Bf5 18. Ne2 Ne4 19. Nf3 g5 20. g4 Bd7 21. Nc3
Be6 22. Qc2 Nxc3 23. Qxc3 f6 24. Qc5 Qd7 25. Nh2 a6 26. Rc3 f5 27. f3 g6 28.
Kg2 Bf7 29. Re1 Re6 30. Nf1 Qc7 31. Nd2 f4 32. e4 a5 33. Rcc1 Rbe8 34. e5 b6
35. Qc2 Rc8 36. a4 Qe7 37. Qb3 c5 38. Qa3 Rc7 39. Qc3 c4 40. b3 Rcc6 41. bxc4
dxc4 42. Ne4 Kf8 43. Nf6 Kg7 44. d5 Qc5 45. dxc6 Rxc6 46. e6 1-0

[Event "DVM U14 2012"]
[Site "Magdeburg GER"]
[Date "2012.12.29"]
[Round "6"]
[White "Sommer, Jan"]
[Black "Hurm, Marius"]
[Result "1/2-1/2"]
[Termination "normal"]
[Board "10.3"]
[WhiteElo "1684"]
[BlackElo "1400"]
[WhiteTeam "SV Empor Erfurt"]
[BlackTeam "SG Königskinder Hohentübingen"]
[WhiteFideId "24690090"]
[BlackFideId "12951552"]
[EventCountry "GER"]
[EventRounds "7"]
[EventType "team-swiss"]
[EventDate "2012.12.26"]

1. e4 e5 2. Nf3 Nc6 3. Bc4 Bc5 4. c3 Nf6 5. d3 d6 6. Nbd2 O-O 7. h3 Re8 8. Nf1
Be6 9. Bb3 d5 10. Ng3 dxe4 11. Nxe4 Nxe4 12. dxe4 Qxd1+ 13. Bxd1 Rad8 14. O-O
f6 15. Bc2 Rd6 16. a4 a5 17. Bd2 Red8 18. Rfd1 Bc4 19. Be1 Rxd1 20. Rxd1 Rxd1
21. Bxd1 Kf7 22. Nd2 Be6 23. Nb3 Bd6 24. Nd2 Ne7 25. Bb3 Bxb3 26. Nxb3 b6 27.
Bd2 Ng6 28. g3 Nf8 29. Be3 Nd7 30. Kf1 Ke6 31. Ke2 Ke7 32. Kd3 c6 33. Kc4 Ke6
34. Nd2 Bc5 35. Nf1 Bxe3 36. Nxe3 Nc5 37. f3 Nxa4 38. b4 axb4 39. cxb4 g6 40.
b5 cxb5+ 41. Kxb5 Nc3+ 42. Kxb6 Ne2 43. Nf1 Ng1 44. Nh2 Nxh3 45. Kc5 Ng1 46.
Kc4 Ne2 47. g4 Nd4 48. Kd3 f5 49. exf5+ gxf5 50. f4 fxg4 51. Nxg4 exf4 52. Kxd4
Kf5 53. Nh6+ Kg5 54. Ke4 1/2-1/2